Statistics for Asian Infrastructure Investment Bank

Click here to take the quiz!

General Stats

  • This quiz has been taken 16 times
    (14 since last reset)
  • The average score is 38 of 57

Answer Stats

Country/Region% Correct
China
100%
India
100%
Iran
93%
Pakistan
93%
Singapore
93%
South Korea
93%
Bangladesh
86%
Cambodia
86%
Indonesia
86%
Israel
86%
Jordan
86%
Laos
86%
Mongolia
86%
Qatar
86%
Russia
86%
Saudi Arabia
86%
United Arab Emirates
86%
Uzbekistan
86%
Vietnam
86%
Azerbaijan
79%
Brunei
79%
Kuwait
79%
Myanmar
79%
Nepal
79%
Oman
79%
Sri Lanka
79%
Tajikistan
79%
Thailand
79%
Georgia
71%
Kazakhstan
71%
Kyrgyzstan
71%
Malaysia
71%
Philippines
71%
Turkey
71%
Australia
64%
Maldives
57%
New Zealand
57%
Egypt
50%
France
50%
Germany
50%
United Kingdom
50%
Austria
43%
Denmark
43%
Finland
43%
Italy
43%
Norway
43%
South Africa
43%
Sweden
43%
Switzerland
43%
Brazil
36%
Netherlands
36%
Poland
36%
Portugal
36%
Spain
36%
Iceland
29%
Luxembourg
29%
Malta
21%

Score Distribution

Percentile by Number Answered

Percent of People with Each Score

Your Score History

You have not taken this quiz since the last reset